000 00577nam a2200181Ia 4500
005 20250508151258.0
008 008 250505s9999 xx 000 0 eng d
037 _aTextual
040 _aFEDL
_beng
_cFEDL
041 _aeng
_2eng
084 _a375.137, HEA
_qFEDL
100 _aHeaton Kenneth L
_9629624
245 0 _aCharacter emphasis in education: A description of educational materials and methods
260 _aChicago, USA
_bThe University of Chicago Press
_c1933
300 _aix,415p.
942 _cTEXL
_h375.137, HEA
999 _c1328804
_d1328804